00679nam a2200193 a 450000100100000000500170001000800410002702000150006804000250008308200160010810000310012424500730015526000450022830000290027350000420030250400730034450400280041765000400044500000219820200929150155.0090701s2001 dr b r 000 0 spa d a9993467014 aDO-SdBNPbspacBNPHU axxxxbR621d1 aRivera Torres, Máximo A.14aLas dos grandes guerras del Siglo XX / :bMáximo A. Rivera Torres. aSanto Domingo :bAmigo del Hogar,c2001. a144p. :bmap., ;c27 cm. aIncluye datos biográficos del autor aIncluye referencias bibliográficas y notas al pie de las páginas aBibliografía : p. 145 4aHistoria contemporáneasySIGLO XX